[Event "1.CLZ 24/25,MGMBA Unichess-Chess club Pisek"]
[Site "Praha"]
[Date "2025.02.02"]
[Round "7.1"]
[White "Kourousis, Epameinondas"]
[Black "Miesbauer, Jan"]
[WhiteElo "2359"]
[BlackElo "2381"]
[Result "1/2-1/2"]
[PlyCount "89"]

1. d4 Nf6 2. Nc3 d5 3. Bf4 a6 4. e3 e6 5. Nf3 c5 6. a3 Nc6 7. h3 Bd6 8. dxc5
Bxc5 9. Bd3 Bd6 10. Bxd6 Qxd6 11. O-O O-O 12. e4 d4 13. Ne2 e5 14. Ng3 g6 15.
Qd2 Be6 16. Qh6 Rfe8 17. Ng5 Qf8 18. Qh4 h6 19. Nxe6 Rxe6 20. Ne2 Nh5 21. g3
Qe7 22. Qxe7 Rxe7 23. b4 Nf6 24. Rfb1 Rc7 25. Kg2 Nd7 26. Rc1 Rac8 27. c3 dxc3
28. Rxc3 Nd4 29. Rxc7 Rxc7 30. Nxd4 exd4 31. Rd1 Rc3 32. Be2 Rxa3 33. Rxd4 Ne5
34. f4 Nc6 35. Rd7 b5 36. e5 Nxb4 37. h4 h5 38. Kf2 Rc3 39. Rd4 Nc6 40. Rd1 Ne7
41. Rd8+ Kg7 42. Rd7 Kf8 43. Rd8+ Kg7 44. Rd7 Kf8 45. Rd8+ 1/2-1/2

[Event "1.CLZ 24/25,MGMBA Unichess-Chess club Pisek"]
[Site "Praha"]
[Date "2025.02.02"]
[Round "7.2"]
[White "Stinka, Jakub"]
[Black "Cernousek, Lukas"]
[WhiteElo "2377"]
[BlackElo "2425"]
[Result "0-1"]
[PlyCount "66"]

1. e4 c5 2. Nf3 d6 3. d4 Nf6 4. Nc3 cxd4 5. Nxd4 a6 6. Bg5 e6 7. f4 Qb6 8. a3
Nc6 9. Nb3 Be7 10. Qd2 O-O 11. Be2 Rd8 12. O-O-O Qc7 13. Bf3 b5 14. g4 Rb8 15.
h4 b4 16. axb4 Rxb4 17. Kb1 Bb7 18. h5 Rb8 19. h6 g6 20. Na2 Nxe4 21. Bxe4 Rxe4
22. Bxe7 Nxe7 23. Nc3 Rc4 24. Rhe1 Nd5 25. Ne4 Rc8 26. Re2 Qb6 27. Qa5 Rb4 28.
Qxb6 Rxb6 29. Rf1 Rc4 30. Nbd2 Rcb4 31. b3 f5 32. gxf5 exf5 33. c3 fxe4 0-1

[Event "1.CLZ 24/25,MGMBA Unichess-Chess club Pisek"]
[Site "Praha"]
[Date "2025.02.02"]
[Round "7.3"]
[White "Bernasek, Jan"]
[Black "Hak, David"]
[WhiteElo "2506"]
[BlackElo "2310"]
[Result "1-0"]
[PlyCount "79"]

1. d4 d5 2. c4 dxc4 3. Nf3 Nf6 4. e3 e6 5. Bxc4 a6 6. b3 Nbd7 7. O-O c5 8. Bb2
b5 9. Be2 Bb7 10. a4 b4 11. Nbd2 Be7 12. a5 O-O 13. Nc4 Rc8 14. Rc1 Qc7 15. Bd3
Ng4 16. Nfe5 Ngxe5 17. dxe5 Qc6 18. f3 Rfd8 19. Qc2 Nf8 20. Rfd1 Qc7 21. Nb6
Rb8 22. Bd4 Ng6 23. Bxc5 Bxc5 24. Qxc5 Qxe5 25. Qxe5 Nxe5 26. Be2 g6 27. Rc7
Rxd1+ 28. Bxd1 Rd8 29. Be2 Rd2 30. Kf1 Bd5 31. Ke1 Rb2 32. Nxd5 exd5 33. f4
Rxb3 34. fxe5 Rxe3 35. Kd2 Ra3 36. Rc5 Ra2+ 37. Kd3 b3 38. Bf3 b2 39. Kc2 d4
40. Kb1 1-0

[Event "1.CLZ 24/25,MGMBA Unichess-Chess club Pisek"]
[Site "Praha"]
[Date "2025.02.02"]
[Round "7.4"]
[White "Havlik, Jan"]
[Black "Simek, Petr"]
[WhiteElo "2348"]
[BlackElo "2322"]
[Result "1/2-1/2"]
[PlyCount "55"]

1. e4 c5 2. Nf3 d6 3. d4 cxd4 4. Nxd4 Nf6 5. Nc3 a6 6. Bc4 e6 7. Bb3 Nbd7 8.
O-O Nc5 9. Bg5 Be7 10. Qe1 h6 11. Bh4 g5 12. Bg3 e5 13. Nf5 Bxf5 14. exf5 Nxb3
15. axb3 Qd7 16. Qe3 Qxf5 17. Qb6 Rb8 18. Rfd1 O-O 19. Rd3 Rfd8 20. Re1 Rd7 21.
h4 Rc8 22. hxg5 hxg5 23. Qa5 Rc5 24. Qa4 Rc6 25. b4 b5 26. Nxb5 Rb6 27. Nc3
Rdb7 28. b3 1/2-1/2

[Event "1.CLZ 24/25,MGMBA Unichess-Chess club Pisek"]
[Site "Praha"]
[Date "2025.02.02"]
[Round "7.5"]
[White "Juhanak, Daniel"]
[Black "Mametev, Artem"]
[WhiteElo "2090"]
[BlackElo "2155"]
[Result "1/2-1/2"]
[PlyCount "119"]

1. c4 Nf6 2. Nc3 g6 3. e4 d6 4. d4 Bg7 5. h3 O-O 6. Be3 e5 7. d5 Na6 8. Nf3 Nh5
9. Nd2 Qe8 10. Be2 Nf4 11. Rg1 f5 12. exf5 gxf5 13. Bxf4 exf4 14. Nf3 Nc5 15.
Qc2 Ne4 16. Nb5 Qe7 17. Rf1 c6 18. Nbd4 Bd7 19. O-O-O c5 20. Nb3 a5 21. Nbd2 a4
22. a3 Ra6 23. Ne1 Nc3 24. bxc3 Qxe2 25. Nd3 Qe7 26. Nxf4 Qe5 27. g3 Rb6 28.
Rfe1 Qxc3 29. Qxc3 Bxc3 30. Kc2 Bd4 31. Rb1 Rxb1 32. Rxb1 Bxf2 33. Rxb7 Bc8 34.
Rb1 Kf7 35. Nf1 Rg8 36. Rb8 Re8 37. Kd3 h5 38. Ra8 h4 39. gxh4 Bxh4 40. Ne3 Bg5
41. Neg2 Kf6 42. Ne6 Rg8 43. Nxg5 Kxg5 44. Ke3 Kf6 45. Kf3 Ke5 46. Nf4 Kd4 47.
Rxa4 Kc3 48. h4 Bb7 49. h5 Rg7 50. Ne6 Rh7 51. Nd8 Kb3 52. Ra5 Kxc4 53. Nxb7
Rxb7 54. Kf4 Kxd5 55. Kxf5 Rf7+ 56. Kg6 Rf2 57. h6 Rg2+ 58. Kf7 Rf2+ 59. Kg7
Rg2+ 60. Kf7 1/2-1/2

[Event "1.CLZ 24/25,MGMBA Unichess-Chess club Pisek"]
[Site "Praha"]
[Date "2025.02.02"]
[Round "7.6"]
[White "Janous, Marek"]
[Black "Tesar, Jakub"]
[WhiteElo "2228"]
[BlackElo "1958"]
[Result "0-1"]
[PlyCount "160"]

1. e4 c6 2. d4 d5 3. e5 Bf5 4. Nf3 e6 5. Be2 Ne7 6. O-O c5 7. dxc5 Nec6 8. Be3
Nd7 9. Bb5 Qc7 10. Bxc6 bxc6 11. Bd4 Bxc5 12. c3 Rb8 13. Bxc5 Nxc5 14. b4 Nd7
15. Nd4 Bxb1 16. Rxb1 Nxe5 17. Re1 O-O 18. Nb3 Nc4 19. Nc5 Rb6 20. Qe2 Re8 21.
Na4 Rb5 22. Nc5 Qd6 23. Rbd1 Na3 24. Qb2 Qxc5 25. Qxa3 Qb6 26. Qc1 Qa6 27. Qc2
Rb7 28. Rd4 Qb6 29. Rh4 h6 30. Qd2 c5 31. a3 cxb4 32. axb4 Qd8 33. Rg4 Qf6 34.
Re3 Kf8 35. h4 Rc8 36. Reg3 Rbc7 37. Rf3 Qe5 38. Re3 Qf6 39. Rf3 Qe5 40. Re3
Qf5 41. Reg3 f6 42. Rxg7 Rxg7 43. Qxh6 Qb1+ 44. Kh2 Qh7 45. Qxf6+ Rf7 46. Qxe6
Rd8 47. Qg4 Qf5 48. Qd4 Qf4 49. Qc5+ Qd6 50. Qd4 Re8 51. c4 Re4 52. Qh8+ Ke7
53. cxd5 Qf6 54. d6+ Kd7 55. Qxf6 Rxf6 56. Rg7+ Kxd6 57. Rxa7 Rxh4+ 58. Kg3
Rxb4 59. Ra6+ Ke5 60. Ra5+ Ke6 61. f3 Rg6+ 62. Kh3 Rf4 63. Ra3 Rf8 64. g4 Rgf6
65. Kg3 Kf7 66. g5 Rf5 67. f4 Kg6 68. Ra6+ Kg7 69. Ra4 Rb5 70. Kg4 Rfb8 71. Rc4
R8b7 72. Rc6 Rb4 73. Rc1 Rf7 74. Rf1 Kg6 75. Rf2 Rf5 76. Kg3 Ra5 77. Rf3 Kf5
78. g6 Ra6 79. g7 Rg6+ 80. Kh3 Rxg7 0-1

[Event "1.CLZ 24/25,MGMBA Unichess-Chess club Pisek"]
[Site "Praha"]
[Date "2025.02.02"]
[Round "7.7"]
[White "Pokorny, Petr"]
[Black "Novotny, Michal"]
[WhiteElo "2144"]
[BlackElo "2184"]
[Result "1/2-1/2"]
[PlyCount "112"]

1. d4 Nf6 2. c4 g6 3. Nc3 d5 4. Nf3 Bg7 5. Qb3 dxc4 6. Qxc4 Be6 7. Qb5+ Bd7 8.
Qxb7 Nc6 9. Bf4 Rb8 10. Qxc7 Qxc7 11. Bxc7 Rxb2 12. O-O-O Rb7 13. Bg3 O-O 14.
e3 Nb4 15. Kd2 Nxa2 16. Nxa2 Rb2+ 17. Ke1 Rxa2 18. Bc4 Rb2 19. Rd2 Rb1+ 20. Rd1
Rb4 21. Bd3 Nd5 22. Rc1 Rb2 23. Nd2 Nb4 24. Ke2 Nxd3 25. Kxd3 Bf5+ 26. Kc3 Rb7
27. Nc4 Be4 28. f3 Bd5 29. Rb1 Rd7 30. Rhc1 Bh6 31. Kd3 Bb7 32. Ra1 f6 33. Ke2
Bd5 34. Na5 Kf7 35. Rc5 Rfd8 36. Rac1 Bf8 37. Rc7 e6 38. Nc6 Bxc6 39. R1xc6 Bb4
40. Ra6 Rxc7 41. Bxc7 Rd7 42. Bb8 f5 43. Rxa7 Rxa7 44. Bxa7 Bd6 45. h3 Kf6 46.
Kd3 Kg5 47. Bc5 Bg3 48. Be7+ Kh6 49. Bf8+ Kg5 50. Bg7 Bf2 51. Ke2 Bg1 52. f4+
Kh5 53. Kf3 g5 54. g4+ fxg4+ 55. hxg4+ Kg6 56. Be5 h5 1/2-1/2

[Event "1.CLZ 24/25,MGMBA Unichess-Chess club Pisek"]
[Site "Praha"]
[Date "2025.02.02"]
[Round "7.8"]
[White "Kotal, Vaclav"]
[Black "Bartos, Jan"]
[WhiteElo "2152"]
[BlackElo "2127"]
[Result "1/2-1/2"]
[PlyCount "91"]

1. e4 c5 2. Nf3 a6 3. c3 d5 4. exd5 Qxd5 5. d4 e6 6. Be3 Nd7 7. c4 Qc6 8. Nc3
Ngf6 9. Bd3 cxd4 10. Bxd4 b6 11. O-O Bb7 12. Qe2 Be7 13. Rfe1 O-O 14. Rad1 Rac8
15. b3 Bc5 16. Ne4 Nxe4 17. Bxe4 Qxe4 18. Qxe4 Bxe4 19. Rxe4 Rfd8 20. Bxc5 bxc5
21. Re2 Nb8 22. Red2 Nc6 23. Kf1 Rxd2 24. Rxd2 Rd8 25. Rxd8+ Nxd8 26. Ke2 Kf8
27. a3 a5 28. Kd3 Ke7 29. Kc3 Nc6 30. Ng5 Nd8 31. Ne4 Nb7 32. b4 cxb4+ 33. axb4
f5 34. Ng5 h6 35. Nf3 axb4+ 36. Kxb4 Kd6 37. Nd4 Nc5 38. Nb5+ Kc6 39. Nd4+ Kd6
40. Nb5+ Kc6 41. Na7+ Kb6 42. Nc8+ Kc6 43. Ne7+ Kd6 44. Nc8+ Kc6 45. Na7+ Kb6
46. Nc8+ 1/2-1/2

[Event "1.CLZ 24/25,Cesky lev Kolesovice-Sokol Vysehrad"]
[Site "Kolesovice"]
[Date "2025.02.02"]
[Round "7.1"]
[White "Movsesian, Sergei"]
[Black "Kusa, Jakub"]
[WhiteElo "2595"]
[BlackElo "2412"]
[Result "1-0"]
[PlyCount "143"]

1. Nf3 d5 2. g3 Bg4 3. Bg2 e6 4. O-O Nf6 5. d3 Be7 6. c4 c6 7. cxd5 Bxf3 8.
Bxf3 cxd5 9. Qb3 Qd7 10. Nc3 Nc6 11. Bg2 O-O 12. Bd2 Rac8 13. Rfc1 Rfd8 14. Qd1
Ne8 15. a3 Bf6 16. Rab1 Nd6 17. Na4 b6 18. Nc3 Rc7 19. Kf1 Rdc8 20. Na2 h5 21.
Bf4 Ne5 22. Rxc7 Rxc7 23. Nc3 Rc8 24. Rc1 Ng6 25. Bd2 Ne5 26. Bh3 Qb7 27. Bf4
g5 28. Bd2 Ng6 29. Bg2 Kg7 30. e4 Qa6 31. Qe2 dxe4 32. Nxe4 Nxe4 33. Bxe4 Rxc1+
34. Bxc1 Qc8 35. Be3 h4 36. Kg2 hxg3 37. hxg3 Ne5 38. b3 Qc3 39. d4 Nc6 40. d5
exd5 41. Bxd5 Ne7 42. Bc4 Nf5 43. Bd2 Qd4 44. Qh5 Qe4+ 45. Kg1 Qe7 46. a4 Nd4
47. Kf1 Ne6 48. Bd3 Qd6 49. Qh7+ Kf8 50. Be1 Ke7 51. Bc4 Bd4 52. Qf5 Qc5 53.
Bxe6 fxe6 54. Qh7+ Kf6 55. Qxa7 Qc2 56. Qa8 Qd3+ 57. Kg2 g4 58. Qf8+ Ke5 59.
Qg7+ Kd5 60. Qxg4 Qxb3 61. Qf3+ Kc4 62. Qc6+ Kd3 63. g4 e5 64. Qf3+ Kc2 65.
Qe4+ Kd1 66. a5 bxa5 67. Bxa5 Qb5 68. Bd8 Qb2 69. Qd3+ Qd2 70. Qb1+ Qc1 71.
Qxc1+ Kxc1 72. Bf6 1-0

[Event "1.CLZ 24/25,Cesky lev Kolesovice-Sokol Vysehrad"]
[Site "Kolesovice"]
[Date "2025.02.02"]
[Round "7.2"]
[White "Bujnoch, Radek"]
[Black "Rodshtein, Maxim"]
[WhiteElo "2332"]
[BlackElo "2631"]
[Result "1/2-1/2"]
[PlyCount "90"]

1. d4 Nf6 2. c4 e6 3. Nf3 d5 4. Nc3 c6 5. e3 Nbd7 6. Be2 Bd6 7. O-O O-O 8. b3
b6 9. Bb2 Bb7 10. Bd3 Re8 11. Re1 h6 12. Rc1 c5 13. cxd5 exd5 14. Nb5 Bf8 15.
Bf5 Ne4 16. Qe2 Ndf6 17. Red1 Ba6 18. a4 Qe7 19. h4 Bc8 20. Bxc8 Raxc8 21. Ne5
Qb7 22. Nc3 Nxc3 23. Bxc3 Ne4 24. Bb2 Bd6 25. Qg4 Qe7 26. f4 f6 27. Ng6 Qf7 28.
h5 c4 29. bxc4 dxc4 30. Nh4 Bb4 31. Nf5 Kh8 32. d5 c3 33. d6 Rcd8 34. Ba1 Nxd6
35. Bxc3 Nxf5 36. Rxd8 Rxd8 37. Qxf5 Ba3 38. Rc2 Bc5 39. Bd4 Bxd4 40. exd4 Qe8
41. d5 a5 42. Ra2 Qe1+ 43. Kh2 Qh4+ 44. Kg1 Qe1+ 45. Kh2 Qh4+ 1/2-1/2

[Event "1.CLZ 24/25,Cesky lev Kolesovice-Sokol Vysehrad"]
[Site "Kolesovice"]
[Date "2025.02.02"]
[Round "7.3"]
[White "Shagbazyan, Taron"]
[Black "Vichnar, David"]
[WhiteElo "2428"]
[BlackElo "2291"]
[Result "1/2-1/2"]
[PlyCount "133"]

1. d4 d5 2. c4 c6 3. Nf3 e6 4. Qc2 Nf6 5. Bg5 h6 6. Bf4 Bd6 7. g3 O-O 8. Nbd2
b6 9. Bg2 Bb7 10. O-O c5 11. dxc5 bxc5 12. cxd5 exd5 13. Qb3 Ba6 14. Bxd6 Qxd6
15. Rfe1 Re8 16. Nh4 Nc6 17. Qa4 Ne5 18. Nb3 Nc4 19. Nxc5 Qxc5 20. Qxa6 Ng4 21.
e3 Ncxe3 22. b4 Qd4 23. Nf3 Qc4 24. Qxc4 Nxc4 25. Nd4 Nf6 26. Nc6 Kf8 27. Rxe8+
Kxe8 28. Nd4 Rb8 29. Re1+ Kd7 30. Bh3+ Kd6 31. Nf5+ Kc6 32. Nd4+ Kd6 33. Nf5+
Kc6 34. Re7 Rxb4 35. Rxa7 Rb2 36. Rxf7 Ne4 37. Nd4+ Kb6 38. Bf1 Ncd2 39. Bd3
Nc5 40. Bc2 Rxa2 41. Rxg7 Nce4 42. Bxe4 Nxe4 43. f3 Ra1+ 44. Kg2 Ra2+ 45. Kg1
Ra1+ 46. Kg2 Ra2+ 47. Kf1 Nd2+ 48. Kf2 Kc5 49. Ne6+ Kc4 50. Rc7+ Kd3 51. Nf4+
Kd4 52. Ne2+ Ke5 53. f4+ Kf5 54. h3 Ne4+ 55. Kf3 Nd2+ 56. Kg2 Nc4 57. g4+ Ke4
58. Re7+ Kd3 59. g5 hxg5 60. Kf3 Nd2+ 61. Kg4 Ra4 62. Nc1+ Kc2 63. Ne2 gxf4 64.
Nxf4 d4 65. Rc7+ Nc4 66. h4 d3 67. Nxd3 1/2-1/2

[Event "1.CLZ 24/25,Cesky lev Kolesovice-Sokol Vysehrad"]
[Site "Kolesovice"]
[Date "2025.02.02"]
[Round "7.4"]
[White "Serrano, Salvador"]
[Black "Svoboda, Svatopluk"]
[WhiteElo "2270"]
[BlackElo "2346"]
[Result "1-0"]
[PlyCount "97"]

1. d4 e6 2. c4 f5 3. g3 Nf6 4. Bg2 Be7 5. Nh3 O-O 6. O-O Qe8 7. Nd2 d6 8. e4
fxe4 9. Nxe4 e5 10. dxe5 dxe5 11. Nhg5 Nc6 12. Nxf6+ Rxf6 13. Ne4 Rf8 14. Be3
Kh8 15. Nc3 Be6 16. Nd5 Bd8 17. Re1 Ne7 18. Bc5 c6 19. Bxe7 Bxe7 20. Nc7 Qf7
21. Nxa8 Rxa8 22. Qf3 Bf6 23. Bf1 Bxc4 24. Bxc4 Qxc4 25. Re4 Qb5 26. Qe2 Qd5
27. b3 Rd8 28. Re1 h6 29. Qc2 Kg8 30. R4e2 Kf7 31. h4 Rd6 32. Qf5 Re6 33. h5
Kg8 34. Re4 Re8 35. Kh2 Rf8 36. R1e2 Qd8 37. Qg6 Qd3 38. Qg4 Qb1 39. Qe6+ Kh8
40. Qf5 Qd1 41. Rxe5 Be7 42. Qc2 Qxc2 43. Rxc2 Bf6 44. Re4 Rd8 45. Rce2 Rd3 46.
g4 Kh7 47. Re8 Rd7 48. Kg2 Bg5 49. Ra8 1-0

[Event "1.CLZ 24/25,Cesky lev Kolesovice-Sokol Vysehrad"]
[Site "Kolesovice"]
[Date "2025.02.02"]
[Round "7.5"]
[White "Studnicka, Tomas"]
[Black "Filipi, Stepan"]
[WhiteElo "2252"]
[BlackElo "2141"]
[Result "1/2-1/2"]
[PlyCount "111"]

1. d4 Nf6 2. Nf3 e6 3. Bf4 b6 4. Nbd2 Bb7 5. e3 Be7 6. h3 O-O 7. Bd3 d5 8. Ne5
Nbd7 9. c3 c5 10. Qb1 h6 11. O-O Nxe5 12. dxe5 Nd7 13. Bg3 f5 14. exf6 Bxf6 15.
e4 Bh4 16. Bd6 Be7 17. Bh2 c4 18. Bc2 Bc5 19. b4 cxb3 20. Nxb3 Qh4 21. Nxc5
Nxc5 22. exd5 Bxd5 23. Qb4 Qg5 24. Qg4 Qxg4 25. hxg4 Rac8 26. Rfe1 Nd7 27. Re3
Nf6 28. f3 Kf7 29. Be5 Rfd8 30. Bd4 Bc4 31. Re5 Rd5 32. a4 Rxe5 33. Bxe5 Nd7
34. Bd4 e5 35. Bf2 Be6 36. Ra3 a6 37. Bg3 Bc4 38. Bf5 Be6 39. Be4 Nc5 40. Bc2
Kf6 41. Bh4+ g5 42. Bf2 a5 43. Kf1 Bc4+ 44. Ke1 Rc6 45. Be3 Ne6 46. g3 Rd6 47.
Bb3 Bd3 48. Bxe6 Kxe6 49. Rb3 Bc2 50. Rxb6 Bxa4 51. Rxd6+ Kxd6 52. f4 gxf4 53.
gxf4 Bd7 54. fxe5+ Kxe5 55. Bxh6 Bxg4 56. Kd2 1/2-1/2

[Event "1.CLZ 24/25,Cesky lev Kolesovice-Sokol Vysehrad"]
[Site "Kolesovice"]
[Date "2025.02.02"]
[Round "7.6"]
[White "Verner, Matej"]
[Black "Walek, Petr"]
[WhiteElo "2015"]
[BlackElo "2279"]
[Result "1-0"]
[PlyCount "61"]

1. e4 c5 2. d4 cxd4 3. c3 dxc3 4. Nxc3 Nc6 5. Nf3 d6 6. Bc4 a6 7. O-O Nf6 8.
Bf4 e6 9. Qe2 Bd7 10. Rfd1 Qb8 11. e5 Nh5 12. Be3 dxe5 13. Bb6 Nf6 14. Ne4 Be7
15. Rd2 Bc8 16. Rad1 Nxe4 17. Qxe4 O-O 18. g4 Kh8 19. g5 f5 20. gxf6 gxf6 21.
Qh4 Nd4 22. Rxd4 exd4 23. Bxd4 Qc7 24. Ng5 Bd8 25. Bc3 Qg7 26. Rxd8 h6 27.
Rxf8+ Qxf8 28. Nxe6 Qg8+ 29. Kh1 Bxe6 30. Qxf6+ Kh7 31. Bd3+ 1-0

[Event "1.CLZ 24/25,Cesky lev Kolesovice-Sokol Vysehrad"]
[Site "Kolesovice"]
[Date "2025.02.02"]
[Round "7.7"]
[White "Vagner, Tomas"]
[Black "Kunc, Jan"]
[WhiteElo "2236"]
[BlackElo "2035"]
[Result "1-0"]
[PlyCount "89"]

1. e4 e5 2. Nf3 Nc6 3. Nc3 Nf6 4. d3 d5 5. Bg5 d4 6. Nd5 Be6 7. Nxf6+ gxf6 8.
Bh4 Be7 9. g3 f5 10. exf5 Bxf5 11. Bg2 Qd6 12. Bxe7 Qxe7 13. Nh4 Be6 14. O-O
O-O-O 15. Qh5 Bd5 16. Rae1 Bxg2 17. Kxg2 f6 18. f4 Rdf8 19. a3 Rhg8 20. b4 a6
21. Nf3 Re8 22. fxe5 fxe5 23. Nxe5 Nxe5 24. Rf5 Ng4 25. Rxe7 Rxe7 26. Rf7 Re2+
27. Kf1 Rxh2 28. Qf5+ Kb8 29. Rf8+ Rxf8 30. Qxf8+ Ka7 31. Qc5+ Kb8 32. Qxd4 h5
33. c4 b6 34. c5 bxc5 35. bxc5 Rc2 36. Qh8+ Kb7 37. Qxh5 Ne3+ 38. Kg1 Rg2+ 39.
Kh1 Rxg3 40. Qh4 Nf1 41. Qe4+ Ka7 42. Qf4 Rxd3 43. Qxc7+ Ka8 44. Qc6+ Kb8 45.
Qb6+ 1-0

[Event "1.CLZ 24/25,Cesky lev Kolesovice-Sokol Vysehrad"]
[Site "Kolesovice"]
[Date "2025.02.02"]
[Round "7.8"]
[White "Lacina, Filip"]
[Black "Ksana, Vaclav"]
[WhiteElo "2005"]
[BlackElo "2135"]
[Result "0-1"]
[PlyCount "70"]

1. e4 Nc6 2. d3 e5 3. Nf3 Nf6 4. Nbd2 Bc5 5. h3 d5 6. Be2 h6 7. O-O O-O 8. c3
dxe4 9. dxe4 a5 10. a4 Qe7 11. Qc2 Be6 12. Nc4 Nd7 13. Ne3 Nb6 14. Bb5 f6 15.
Nh4 Qf7 16. Nef5 Kh7 17. Be3 Bxe3 18. Nxe3 Ne7 19. Nd5 Bxd5 20. exd5+ f5 21. c4
c6 22. d6 Ng6 23. Nxg6 Qxg6 24. c5 Nd5 25. Rfd1 Nb4 26. Qc3 cxb5 27. axb5 e4
28. c6 bxc6 29. bxc6 Nd3 30. Rxd3 exd3 31. Qxd3 Rfd8 32. Rd1 Rac8 33. c7 Rd7
34. g3 f4 35. Qb5 Rcxc7 0-1

[Event "1.CLZ 24/25,Slavoj Litomerice-TJ Neratovice"]
[Site "Litomerice"]
[Date "2025.02.02"]
[Round "7.1"]
[White "Hollan, Martin"]
[Black "Kawulok, Marek"]
[WhiteElo "2324"]
[BlackElo "2223"]
[Result "1/2-1/2"]
[PlyCount "64"]

1. e4 c5 2. Nf3 e6 3. d4 cxd4 4. Nxd4 Nc6 5. Nc3 Qc7 6. g3 a6 7. Bg2 Nf6 8. O-O
Be7 9. Re1 O-O 10. Nxc6 bxc6 11. e5 Nd5 12. Na4 Nb6 13. c3 Nxa4 14. Qxa4 f6 15.
exf6 Bxf6 16. Be3 Rb8 17. Re2 a5 18. Rae1 Ba6 19. Rd2 d5 20. f4 e5 21. fxe5
Bxe5 22. Rf2 Bc4 23. Rxf8+ Rxf8 24. Bc5 Rb8 25. Qc2 Bxa2 26. Qf5 Re8 27. Kh1 g6
28. Qg5 Kf7 29. Qe3 Qd7 30. Rf1+ Kg8 31. Re1 Kf7 32. Rf1+ Kg8 1/2-1/2

[Event "1.CLZ 24/25,Slavoj Litomerice-TJ Neratovice"]
[Site "Litomerice"]
[Date "2025.02.02"]
[Round "7.2"]
[White "Skypala, Ondrej"]
[Black "Brejnik, Gustav"]
[WhiteElo "2180"]
[BlackElo "2229"]
[Result "1/2-1/2"]
[PlyCount "36"]

1. c4 e6 2. Nf3 d5 3. g3 Nf6 4. Bg2 dxc4 5. Qa4+ Bd7 6. Qxc4 c5 7. d4 Nc6 8.
O-O b5 9. Qb3 Rc8 10. dxc5 Bxc5 11. Bg5 h6 12. Bxf6 Qxf6 13. Nbd2 O-O 14. Ne4
Qe7 15. Nxc5 Qxc5 16. Rac1 Qb6 17. e3 Rfd8 18. Qc3 a6 1/2-1/2

[Event "1.CLZ 24/25,Slavoj Litomerice-TJ Neratovice"]
[Site "Litomerice"]
[Date "2025.02.02"]
[Round "7.3"]
[White "Jirasko, Miroslav"]
[Black "Sulc, Jakub"]
[WhiteElo "2234"]
[BlackElo "2114"]
[Result "1/2-1/2"]
[PlyCount "109"]

1. d4 Nf6 2. c4 e6 3. Nc3 Bb4 4. e3 O-O 5. Bd2 b6 6. Bd3 Bb7 7. Nf3 d6 8. O-O
Bxc3 9. Bxc3 Ne4 10. Be1 f5 11. Qc2 Nd7 12. Nd2 Nxd2 13. Bxd2 Qf6 14. f3 e5 15.
Bc3 Qg6 16. f4 exd4 17. exd4 Be4 18. Bxe4 fxe4 19. Rae1 Rae8 20. d5 a5 21. Re3
Re7 22. Qe2 h5 23. Rg3 Qh7 24. Rh3 Rf5 25. Kh1 Qg6 26. Re3 Rf8 27. Rg3 Qh6 28.
Rg5 Rxf4 29. Rxf4 Qxg5 30. Rxe4 Rxe4 31. Qxe4 Qc1+ 32. Qe1 Qxe1+ 33. Bxe1 a4
34. Bh4 b5 35. cxb5 Nb6 36. Kg1 Kf7 37. Kf2 Nxd5 38. Ke2 Ke6 39. Bg3 Nb6 40.
Kd3 Kd5 41. Bf2 Nc4 42. Kc3 Ne5 43. a3 c6 44. bxc6 Nxc6 45. b4 axb3 46. Kxb3 g5
47. a4 g4 48. Bb6 h4 49. a5 Ne5 50. h3 gxh3 51. gxh3 Kc6 52. Ka4 d5 53. Be3 Nf3
54. Kb4 d4 55. Bh6 1/2-1/2

[Event "1.CLZ 24/25,Slavoj Litomerice-TJ Neratovice"]
[Site "Litomerice"]
[Date "2025.02.02"]
[Round "7.4"]
[White "Fajman, Petr"]
[Black "Ret, Adam"]
[WhiteElo "2086"]
[BlackElo "2127"]
[Result "1/2-1/2"]
[PlyCount "93"]

1. c4 e5 2. Nc3 Nf6 3. d3 d5 4. cxd5 Nxd5 5. Nf3 Nc6 6. Bg5 Be7 7. Bxe7 Ndxe7
8. e3 O-O 9. Be2 h6 10. O-O f5 11. b4 Qd6 12. b5 Nd8 13. Rc1 Ne6 14. Qb3 Kh7
15. Nd2 Nc5 16. Qc2 Rd8 17. Nc4 Qf6 18. Rfd1 Be6 19. Nb1 Bxc4 20. Qxc4 Ne6 21.
Nd2 Rd7 22. Nb3 Rad8 23. Nc5 Nxc5 24. Qxc5 c6 25. Qxa7 cxb5 26. Qc5 Rd5 27. Qc3
Nc6 28. Qb3 Qd6 29. g3 b4 30. Qc2 g6 31. Bf3 Rxd3 32. Rxd3 Qxd3 33. Qxd3 Rxd3
34. Bxc6 bxc6 35. Rxc6 Rd2 36. Rc7+ Kg8 37. Rb7 Rb2 38. h4 h5 39. Kf1 e4 40.
Kg2 Kf8 41. Ra7 Ke8 42. a4 Ra2 43. a5 b3 44. Rb7 Rxa5 45. Rxb3 Ra2 46. Rb7 Kf8
47. Rc7 1/2-1/2

[Event "1.CLZ 24/25,Slavoj Litomerice-TJ Neratovice"]
[Site "Litomerice"]
[Date "2025.02.02"]
[Round "7.5"]
[White "Sulc, Jaromir"]
[Black "Purnoch, Josef"]
[WhiteElo "2031"]
[BlackElo "2142"]
[Result "0-1"]
[PlyCount "60"]

1. d4 Nf6 2. c4 c5 3. d5 e6 4. Nc3 exd5 5. cxd5 d6 6. e4 g6 7. Nf3 a6 8. a4 Bg4
9. Be2 Bxf3 10. Bxf3 Bg7 11. O-O O-O 12. Bf4 Re8 13. Re1 Bf8 14. Qd2 Nbd7 15.
Bg5 Bg7 16. Be2 Qc7 17. Bf1 Rab8 18. a5 b5 19. axb6 Rxb6 20. Rxa6 Reb8 21. Rxb6
Qxb6 22. Nb5 Ne5 23. h3 c4 24. Na3 Qb3 25. f4 Nd3 26. Bxd3 cxd3 27. Re3 Qxb2
28. Qxd3 Nd7 29. Nc4 Qc1+ 30. Qf1 Rb1 0-1

[Event "1.CLZ 24/25,Slavoj Litomerice-TJ Neratovice"]
[Site "Litomerice"]
[Date "2025.02.02"]
[Round "7.6"]
[White "Cernik, Lukas"]
[Black "Vaclavik, Jan"]
[WhiteElo "2076"]
[BlackElo "2193"]
[Result "1-0"]
[PlyCount "61"]

1. Nf3 d5 2. b3 Nf6 3. Bb2 Bf5 4. e3 e6 5. Nh4 Bg6 6. d3 Bd6 7. Nd2 Nbd7 8.
Nxg6 hxg6 9. g3 O-O 10. Bg2 Re8 11. O-O e5 12. c4 c6 13. Qc2 Qe7 14. a3 a5 15.
Rfd1 b5 16. a4 bxa4 17. bxa4 Bb4 18. Rac1 Rab8 19. Nb1 Nb6 20. cxd5 cxd5 21.
Nc3 Qd7 22. Ba1 Rec8 23. Qa2 d4 24. exd4 exd4 25. Nb5 Rxc1 26. Rxc1 Qf5 27.
Bxd4 Nxa4 28. Rc7 Rf8 29. Qxa4 Qxd3 30. Bf1 Qf5 31. Qc2 1-0

[Event "1.CLZ 24/25,Slavoj Litomerice-TJ Neratovice"]
[Site "Litomerice"]
[Date "2025.02.02"]
[Round "7.7"]
[White "Filindash, Nikita"]
[Black "Veny, Jaume"]
[WhiteElo "2080"]
[BlackElo "1914"]
[Result "1/2-1/2"]
[PlyCount "79"]

1. d4 Nf6 2. c4 e6 3. Nc3 c5 4. d5 exd5 5. cxd5 d6 6. e4 g6 7. Bd3 Bg7 8. h3
O-O 9. Nf3 b5 10. Bxb5 Nxe4 11. Nxe4 Qa5+ 12. Nfd2 Qxb5 13. Nxd6 Qa6 14. N2c4
Nd7 15. O-O Ne5 16. Nxc8 Raxc8 17. Nxe5 Bxe5 18. Qf3 Rfd8 19. Bg5 Rd7 20. Rae1
Bxb2 21. Re2 Bg7 22. Rfe1 h6 23. Re7 Rxe7 24. Rxe7 Rf8 25. Be3 Qb6 26. g3 Bf6
27. Rd7 Kg7 28. Qf4 Bg5 29. Qe5+ Bf6 30. Qe4 Rd8 31. Rxd8 Bxd8 32. Kg2 Bc7 33.
h4 Bd6 34. Qc4 Qc7 35. Kg1 h5 36. Kg2 Kg8 37. Kh2 Kh7 38. Kg2 Kg8 39. Kh2 Kh7
40. Kg2 1/2-1/2

[Event "1.CLZ 24/25,Slavoj Litomerice-TJ Neratovice"]
[Site "Litomerice"]
[Date "2025.02.02"]
[Round "7.8"]
[White "Silhan, Petr"]
[Black "Hula, Lukas"]
[WhiteElo "2020"]
[BlackElo "2019"]
[Result "1-0"]
[PlyCount "79"]

1. d4 d5 2. c4 c6 3. Nc3 a6 4. e3 Nf6 5. Nf3 Bf5 6. Be2 h6 7. Bd3 Bxd3 8. Qxd3
e6 9. O-O Be7 10. Rd1 Nbd7 11. e4 dxe4 12. Nxe4 Nxe4 13. Qxe4 Nf6 14. Qe2 O-O
15. Bf4 Rc8 16. Rd3 b5 17. b3 bxc4 18. bxc4 Qa5 19. Ne5 Rfd8 20. Rad1 Qa4 21.
Re1 Rf8 22. Rg3 Kh8 23. Rb1 Qa5 24. Rb7 Qd8 25. Rd3 Kg8 26. h3 Bd6 27. Qf3 Rc7
28. Rxc7 Qxc7 29. c5 Bxe5 30. Bxe5 Qd7 31. Bxf6 gxf6 32. Qxf6 Kh7 33. Rf3 Qb7
34. Rf4 Qb1+ 35. Kh2 Qg6 36. Qe7 Qg7 37. Qc7 f6 38. Qxc6 e5 39. dxe5 fxe5 40.
Qe4+ 1-0

[Event "1.CLZ 24/25,TJ Pankrac-DP Praha"]
[Site "Praha"]
[Date "2025.02.02"]
[Round "7.2"]
[White "Burdalev, Kirill"]
[Black "Constantinou, Peter"]
[WhiteElo "2342"]
[BlackElo "2220"]
[Result "1-0"]
[PlyCount "77"]

1. d4 g6 2. e4 Bg7 3. Nf3 d6 4. Nc3 c6 5. a4 Nf6 6. Be2 O-O 7. O-O Nbd7 8. Bg5
e5 9. dxe5 dxe5 10. Qd6 h6 11. Bh4 Re8 12. Bc4 Bf8 13. Qd3 Qc7 14. Nd2 Nh5 15.
Nd1 Nc5 16. Qf3 a5 17. Ne3 Be6 18. Ng4 Kh7 19. Rfd1 Bg7 20. c3 Rf8 21. Bxe6
Nxe6 22. Nc4 b5 23. axb5 cxb5 24. Nd6 b4 25. Rac1 Qa7 26. Nb5 Qa6 27. c4 f5 28.
exf5 Rxf5 29. Qe3 Nhf4 30. Nd6 Qc6 31. f3 Rh5 32. Nf6+ Bxf6 33. Bxf6 Rf8 34.
Bxe5 Rg5 35. Rd2 Nxg2 36. Rxg2 Rxf3 37. Qa7+ Kg8 38. Rxg5 hxg5 39. Re1 1-0